| 000 | 00712nam a2200205 a 4500 | ||
|---|---|---|---|
| 001 | 000040942 | ||
| 005 | 20240705073647.0 | ||
| 008 | 130911s2001 pr 000 0 spa d | ||
| 020 | _a0865815577 | ||
| 040 |
_aDO-SdBNP _bspa _cBNPHU |
||
| 100 | 1 |
_aHostos, Eugenio María de, _d1839-1903 _91352 |
|
| 245 | 1 | 3 |
_aLa Peregrinación de Bayoán / _cEugenio María de Hostos. |
| 250 | _a2a ed. (facsimilar) | ||
| 260 |
_aPuerto Rico : _bInstituto de Cultura Puertorriqueña, _c2001. |
||
| 300 |
_a319 p. ; _c22 cm. |
||
| 490 | 1 | _aBiblioteca Popular | |
| 500 | _aIncluye datos biográficos del autor en la solapa de la cubierta | ||
| 500 | _aIncluye notas al pie de las páginas | ||
| 830 | 0 |
_aBiblioteca Popular _95517 |
|
| 999 |
_c40432 _d40432 |
||